[Event "GRE-chT Online Rapid op 1st"]
[Site "Tornelo INT"]
[Date "2021.02.21"]
[Round "9.19"]
[White "Doudoulakakis, Athanasios"]
[Black "Simantirakis, Apolon"]
[Result "0-1"]
[WhiteElo "1613"]
[BlackElo "1831"]
[PlyCount "78"]
[EventDate "2021.02.20"]
[EventType "team-swiss (rapid)"]
[EventRounds "9"]
[EventCountry "GRE"]
[SourceTitle "EXT 2023"]
[Source "ChessBase"]
[SourceDate "2022.10.05"]
[SourceVersion "1"]
[SourceVersionDate "2022.10.05"]
[SourceQuality "1"]

1. e4 e5 2. Nf3 Nc6 3. Bb5 a6 4. Ba4 Nf6 5. 0-0 b5 6. Bb3 Be7 7. c3 0-0 8. Re1 d6 9. h3 Na5 10. Bc2 c5 11. a4 Bd7 12. d4 Qc7 13. d5 c4 14. Nbd2 Nb7 15. Nf1 Nc5 16. axb5 axb5 17. Be3 Ncxe4 18. Rxa8 Rxa8 19. Qb1 Nc5 20. Rd1 g6 21. Ng3 Ne8 22. h4 Ng7 23. h5 f5 24. hxg6 hxg6 25. Bh6 Qd8 26. Qc1 Bf6 27. Kh2 f4 28. Bxf4 exf4 29. Qxf4 Be8 30. Rh1 Nd3 31. Bxd3 cxd3 32. Kg1 Ra1+ 33. Nf1 Qe7 34. g3 Bf7 35. Nh4 Qe2 36. Kg2 Bxd5+ 37. Nf3 Bxf3+ 38. Qxf3 Qxf3+ 39. Kxf3 d2 0-1

[Event "GRE-chT Online Rapid op 1st"]
[Site "Tornelo INT"]
[Date "2021.02.21"]
[Round "6.18"]
[White "Simantirakis, Apolon"]
[Black "Kollias, Ioannis K"]
[Result "1-0"]
[WhiteElo "1831"]
[BlackElo "1721"]
[PlyCount "61"]
[EventDate "2021.02.20"]
[EventType "team-swiss (rapid)"]
[EventRounds "9"]
[EventCountry "GRE"]
[SourceTitle "EXT 2023"]
[Source "ChessBase"]
[SourceDate "2022.10.05"]
[SourceVersion "1"]
[SourceVersionDate "2022.10.05"]
[SourceQuality "1"]

1. b3 d5 2. e3 e5 3. Bb2 Bd6 4. Nf3 Nc6 5. Bb5 Qe7 6. 0-0 Nf6 7. d4 e4 8. Ne5 0-0 9. Bxc6 bxc6 10. Nxc6 Qe6 11. Ne5 Nd7 12. Nxd7 Bxd7 13. Ba3 f5 14. Qd2 Rf6 15. Bxd6 Qxd6 16. f4 exf3 17. Rxf3 Re8 18. c4 dxc4 19. bxc4 Re4 20. Nc3 Rh4 21. h3 Bc6 22. c5 Qd7 23. d5 Rc4 24. Rd1 Rxc5 25. Qd4 Qe7 26. dxc6 Rd6 27. Qb4 Rxc3 28. Rxd6 Rc1+ 29. Kf2 Qxd6 30. Qb3+ Kh8 31. Qb8+ 1-0

[Event "GRE-chT Online Rapid op 1st"]
[Site "Tornelo INT"]
[Date "2021.02.20"]
[Round "4.19"]
[White "Simantirakis, Apolon"]
[Black "Galanis, Nikolaos Panagiotis"]
[Result "1-0"]
[WhiteElo "1831"]
[BlackElo "1633"]
[PlyCount "65"]
[EventDate "2021.02.20"]
[EventType "team-swiss (rapid)"]
[EventRounds "9"]
[EventCountry "GRE"]
[SourceTitle "EXT 2023"]
[Source "ChessBase"]
[SourceDate "2022.10.05"]
[SourceVersion "1"]
[SourceVersionDate "2022.10.05"]
[SourceQuality "1"]

1. b3 Nf6 2. Bb2 d5 3. e3 Bf5 4. Nf3 e6 5. a3 Bd6 6. d4 0-0 7. Nbd2 Nbd7 8. c4 c6 9. Be2 Re8 10. 0-0 Ne4 11. Nxe4 dxe4 12. Nd2 Qh4 13. g3 Qg5 14. h4 Qg6 15. Bh5 Qh6 16. f4 exf3 17. Qxf3 Nf6 18. g4 Nxh5 19. gxh5 Rad8 20. Rf2 Qf6 21. e4 Qxh4 22. exf5 exf5 23. Nf1 Re4 24. Qxf5 Rg4+ 25. Rg2 Rxg2+ 26. Kxg2 Re8 27. Kf3 g6 28. Qg4 Qh1+ 29. Kf2 Re4 30. Qc8+ Bf8 31. Qb8 gxh5 32. Ne3 Qh2+ 33. Qxh2 1-0

[Event "GRE-chT Online Rapid op 1st"]
[Site "Tornelo INT"]
[Date "2021.02.20"]
[Round "2.4"]
[White "Simantirakis, Apolon"]
[Black "Papasimakopoulos, Alexandros"]
[Result "0-1"]
[WhiteElo "1831"]
[BlackElo "2251"]
[PlyCount "88"]
[EventDate "2021.02.20"]
[EventType "team-swiss (rapid)"]
[EventRounds "9"]
[EventCountry "GRE"]
[SourceTitle "EXT 2023"]
[Source "ChessBase"]
[SourceDate "2022.10.05"]
[SourceVersion "1"]
[SourceVersionDate "2022.10.05"]
[SourceQuality "1"]

1. b3 e5 2. Bb2 d6 3. e3 g6 4. d4 Bg7 5. dxe5 Nd7 6. Nf3 dxe5 7. e4 Ne7 8. Bb5 c6 9. Be2 0-0 10. Nc3 Qc7 11. 0-0 Rd8 12. Qe1 Nf8 13. a4 Ne6 14. Bc4 h6 15. Bxe6 Bxe6 16. h3 f5 17. Qe2 f4 18. Rad1 g5 19. Rxd8+ Rxd8 20. Rd1 Ng6 21. Ba3 Bf6 22. Rxd8+ Qxd8 23. Qd2 Qxd2 24. Nxd2 Be7 25. Bxe7 Nxe7 26. f3 a5 27. Kf2 Kf7 28. Ke2 Ng6 29. Nd1 Ke7 30. Nb2 b5 31. c4 Kd6 32. axb5 cxb5 33. cxb5 Kc5 34. Nd3+ Kxb5 35. Kf2 Kc6 36. Nb2 Kc5 37. Nbc4 Bxc4 38. Nxc4 a4 39. Ke2 axb3 40. Kd3 Kb4 41. Nd2 Nh4 42. Nc4 Nxg2 43. Nxe5 Ne1+ 44. Kd2 b2 0-1